BIBLIOTECA

SENCICO

Problemas resueltos de cálculo integral con aplicación en la ingeniería / (Registro nro. 466)

Detalles MARC
000 -LEADER
fixed length control field 00979nam a2200241Ia 4500
003 - CONTROL NUMBER IDENTIFIER
control field PE SENCICO BE
005 - DATE AND TIME OF LATEST TRANSACTION
control field 20251020182438.0
008 - FIXED-LENGTH DATA ELEMENTS--GENERAL INFORMATION
fixed length control field 200515s9999 xx 000 0 und d
020 ## - INTERNATIONAL STANDARD BOOK NUMBER
International Standard Book Number 958-8060-54-0
040 ## - CATALOGING SOURCE
Original cataloging agency PE SENCICO BE
Transcribing agency PE SENCICO BE
041 ## - LANGUAGE CODE
Language code of text/sound track or separate title spa
082 ## - DEWEY DECIMAL CLASSIFICATION NUMBER
Classification number 515.15
Item number C28
100 1# - MAIN ENTRY--PERSONAL NAME
Personal name Casabianca Pizano, Manuel
9 (RLIN) 3216
Relator term autor
245 10 - TITLE STATEMENT
Title Problemas resueltos de cálculo integral con aplicación en la ingeniería /
Statement of responsibility, etc. Manuel Casabianca Pizano
260 ## - PUBLICATION, DISTRIBUTION, ETC.
Place of publication, distribution, etc. Bogotá :
Name of publisher, distributor, etc. Escuela Colombiana de Ingeniería ;
Date of publication, distribution, etc. 2005
300 ## - PHYSICAL DESCRIPTION
Extent tomos :
Other physical details diagramas ;
Dimensions 24 cm.
490 ## - SERIES STATEMENT
Series statement Colección de matemáticas
505 0# - FORMATTED CONTENTS NOTE
Formatted contents note Constante de integración -- Áreas planas -- Longitud de curvas -- Superficies de revolución
520 0# - SUMMARY, ETC.
Summary, etc. Describe todo tipo de problemas que se presentan en el estudio de la ingeniería, con el fin que el estudiante se familiarice con ellos.
650 10 - SUBJECT ADDED ENTRY--TOPICAL TERM
Topical term or geographic name entry element Cálculo integral
9 (RLIN) 3137
650 20 - SUBJECT ADDED ENTRY--TOPICAL TERM
Topical term or geographic name entry element Cálculo
9 (RLIN) 3212
942 ## - ADDED ENTRY ELEMENTS (KOHA)
Koha item type Libros
Source of classification or shelving scheme Dewey Decimal Classification
Existencias
Fecha de la última vez que lo usaron Número de ingreso o de inventario Pago total Signatura topográfica completa Código de barras Precio efectivo desde Tipo de documento Estado perdido Sistema de clasificación Estado dañado No es para préstamo Retirado Ubicación permanente Ubicación actual Fecha de adquisición
15/05/2020 14224   515.15/C28/t. 1 BibLima25070030 15/05/2020 Libros   Dewey Decimal Classification       Biblioteca Central Lima Biblioteca Central Lima 15/05/2020